Starlight - Muse (all lyrics) - Statistics

General Stats
  • This quiz has been taken 26 times
  • The average score is 158 of 199
Answer Stats
Answer % Correct
a
100%
I
100%
die
94%
just
94%
me
94%
my
94%
My
94%
This
94%
to
94%
away
88%
Far
88%
far
88%
if
88%
If
88%
in
88%
life
88%
live
88%
or
88%
the
88%
wanted
88%
you
88%
You
88%
arms
82%
be
82%
care
82%
from
82%
Hold
82%
hold
82%
memories
82%
Of
82%
of
82%
people
82%
ship
82%
Starlight
82%
starlight
82%
who
82%
and
76%
go
76%
All
71%
don't
71%
it
71%
know
71%
let
71%
never
71%
Never
71%
will
71%
alive
65%
anymore
65%
Black
65%
electrify
65%
end
65%
expectations
65%
fade
65%
holes
65%
hopes
65%
it's
65%
Let's
65%
not
65%
revelations
65%
revelations,
65%
worth
65%
chasing
59%
Our
59%
promise
59%
would
59%
conspire
53%
feel
53%
has
53%
I'll
53%
souls
53%
that
53%
Until
53%
taken
47%
yeah
47%
ignite
41%
No matching quizzes found
Score Distribution
Percent of People with Each Score
Percentile by Number Answered
Your Score History
You have not taken this quiz